[Event "Copenhagen Obro CXU New Year op"]
[Site "Copenhagen"]
[Date "2023.12.27"]
[Round "1"]
[White "Hald Falkesgaard, Jeppe"]
[Black "Petersen, Lasse Emil"]
[Result "1-0"]
[WhiteElo "2199"]
[BlackElo "1802"]
[PlyCount "67"]
[EventDate "2023.12.27"]
[EventType "swiss"]
[EventRounds "7"]
[EventCountry "DEN"]
[SourceTitle "CBM 217 Extra"]
[Source "ChessBase"]
[SourceDate "2024.01.31"]
[SourceVersion "1"]
[SourceVersionDate "2024.01.31"]
[SourceQuality "1"]

1. c4 e5 2. Nc3 Nf6 3. Nf3 Nc6 4. e4 d6 5. d4 exd4 6. Nxd4 Bd7 7. Be2 g6 8. Bg5 Bg7 9. 0-0 Qc8 10. Ndb5 0-0 11. Bxf6 Bxf6 12. Nd5 Bd8 13. f4 a6 14. Nbc3 f5 15. Kh1 fxe4 16. Nxe4 Bf5 17. Bf3 Qd7 18. g4 Bxe4 19. Bxe4 Ne7 20. f5 gxf5 21. gxf5 Nxd5 22. Qxd5+ Kh8 23. Qxb7 Bf6 24. Bc6 Qf7 25. Qxa8 Rxa8 26. Bxa8 Qxc4 27. Rac1 Qd3 28. Bg2 Qd2 29. Rxc7 a5 30. Rg1 Be5 31. f6 h5 32. Rc8+ Kh7 33. Be4+ Kh6 34. Rh8# 1-0

[Event "EU-ch Amateur Online Final 1700/2000"]
[Site "Tornelo INT"]
[Date "2021.04.25"]
[Round "5"]
[White "Marinidis, Stavros"]
[Black "Petersen, Lasse Emil"]
[Result "1-0"]
[WhiteElo "1003"]
[BlackElo "1797"]
[PlyCount "71"]
[EventDate "2021.04.25"]
[EventType "swiss (rapid)"]
[EventRounds "9"]
[EventCountry "NET"]
[SourceTitle "EXT 2023"]
[Source "ChessBase"]
[SourceDate "2022.10.05"]
[SourceVersion "1"]
[SourceVersionDate "2022.10.05"]
[SourceQuality "1"]

1. e4 e5 2. Nf3 Nc6 3. Bb5 a6 4. Ba4 Bc5 5. 0-0 b5 6. Bb3 d6 7. c3 Nf6 8. d4 Bb6 9. h3 0-0 10. Bg5 h6 11. Bh4 Qe8 12. Bxf6 gxf6 13. Qd2 Kh7 14. Kh1 Rg8 15. Bd5 Qd7 16. Nh4 Rb8 17. Nf5 Rg6 18. Bxc6 Qxc6 19. Ne7 Qd7 20. Nxg6 fxg6 21. Na3 Bb7 22. f3 Rf8 23. Rad1 Qe7 24. Nc2 f5 25. exf5 Rxf5 26. Rde1 Qh4 27. dxe5 Qg3 28. Nd4 Rxe5 29. Rxe5 Qxe5 30. Re1 Qf6 31. Re6 Qh4 32. Qe3 h5 33. Re7+ Kg8 34. Qe6+ Kh8 35. Qxg6 Bxd4 36. Qh7# 1-0

[Event "EU-ch Amateur Online 1700/2000"]
[Site "Tornelo INT"]
[Date "2021.04.24"]
[Round "8"]
[White "Petersen, Lasse Emil"]
[Black "Kassios, Dimitrios"]
[Result "1-0"]
[WhiteElo "1797"]
[BlackElo "1529"]
[PlyCount "109"]
[EventDate "2021.04.24"]
[EventType "swiss (rapid)"]
[EventRounds "8"]
[EventCountry "NET"]
[SourceTitle "EXT 2023"]
[Source "ChessBase"]
[SourceDate "2022.10.05"]
[SourceVersion "1"]
[SourceVersionDate "2022.10.05"]
[SourceQuality "1"]

1. d4 d5 2. Bf4 Nf6 3. Nf3 e6 4. e3 b6 5. c3 Bb7 6. Nbd2 Nbd7 7. Bd3 Bd6 8. Bg3 Ne4 9. Bxd6 cxd6 10. a3 0-0 11. Qe2 f5 12. g3 Ndf6 13. Nh4 g5 14. Ng2 e5 15. 0-0 Kh8 16. Bxe4 Nxe4 17. Nxe4 dxe4 18. Qd2 Ba6 19. Rfe1 Bd3 20. h4 f4 21. exf4 gxf4 22. dxe5 dxe5 23. gxf4 exf4 24. c4 f3 25. Qc3+ Kg8 26. Rad1 fxg2 27. Rxe4 Bxe4 28. Rxd8 Raxd8 29. Qg3+ Kf7 30. Qf4+ Kg7 31. Qxe4 Rd1+ 32. Kxg2 Rfd8 33. Qe7+ Kg8 34. Qxa7 Kh8 35. Qxb6 Rg8+ 36. Kh2 Rdg1 37. Qf6+ R8g7 38. Qf3 R1g4 39. Qf6 Rg1 40. h5 R1g2+ 41. Kh3 Rg1 42. Qf3 Kg8 43. b4 Rf7 44. Qa8+ Rf8 45. Qd5+ Kg7 46. f4 Re1 47. h6+ Kf6 48. Qg5+ Kf7 49. Qg7+ Ke8 50. Qxh7 Rxf4 51. Qh8+ Rf8 52. Qd4 Rg8 53. Qd5 Reg1 54. h7 R8g3+ 55. Kh2 1-0